Exit tax in the world of international migration of companies and individuals

Globalizácia svetovej ekonomiky umožňuje spoločnostiam a jednotlivcom presunúť sa cez hranice a hľadať nové príležitosti a obchodné možnosti v iných krajinách. Najproblematickejšie ustanovenia – odloženie platby dane kým sa majetok predá, ktoré môžu mať nepriaznivý vplyv na dane z medzinárodného poh...

Ausführliche Beschreibung

Gespeichert in:
Bibliographische Detailangaben
1. Verfasser: Kubicová, Jana, 1961-
Format: Buchkapitel
Sprache:Englisch
Schlagworte:
Tags: Tag hinzufügen
Keine Tags, Fügen Sie das erste Tag hinzu!

MARC

LEADER 00000nla a2200000 4500
001 0226135
005 20240502073720.2
041 0 |a eng 
044 |a SK 
245 1 0 |a Exit tax in the world of international migration of companies and individuals  |c Jana Kubicová 
520 |a Globalizácia svetovej ekonomiky umožňuje spoločnostiam a jednotlivcom presunúť sa cez hranice a hľadať nové príležitosti a obchodné možnosti v iných krajinách. Najproblematickejšie ustanovenia – odloženie platby dane kým sa majetok predá, ktoré môžu mať nepriaznivý vplyv na dane z medzinárodného pohybu osôb. 
610 2 0 |a dane 
610 2 0 |a politika daňová 
610 2 0 |a systémy daňové 
610 2 0 |a dane odložené 
610 2 0 |a hodnota reálna 
610 2 0 |a dane z nehnuteľností 
610 2 0 |a pohyb síl pracovných medzinárodný 
100 1 |a Kubicová, Jana, 1961-